Distribution par images - Le Code a changé - Statistiques

Statistiques générales
  • Ce quiz a été pris 21 fois
  • Le résultat moyen est 6 sur 9
Statistiques - réponses
Par images Hint Réponse % Correct
Piotr Dany Boon
100%
Alain Carcassonne Patrick Bruel
100%
Mélanie Carcassonne Marina Foïs
90%
Henri Pierre Arditi
80%
Marie-Laurence Claverne Karin Viard
70%
Sarah Mattei Emmanuelle Seigner
60%
Lucas Mattei Christopher Thompson
35%
Erwann Patrick Chesnais
35%
Jean-Louis Mauzard Laurent Stocker
15%
Aucun quiz correspondant
Distribution des résultats
% des personnes avec chaque résultat
Percentile par nombre de réponses
Votre historique - résultats
Vous n’avez pas pris ce quiz